| 000 | 00984nam a22002417a 4500 | ||
|---|---|---|---|
| 005 | 20150703130837.0 | ||
| 008 | 150703b2007 ck ||||| |||| 00| 0 spa d | ||
| 040 |
_aCO-BoIAVH _cCO-BoIAVH |
||
| 041 | _aspa | ||
| 044 | _ack | ||
| 082 |
_a303.44 _bA47m |
||
| 110 | 1 |
_aWorld Wildlife Fund-WWF _92885 |
|
| 245 | 1 | _aMejoramiento del proceso organizativo y de la población afrocolombiana como grupo étnico | |
| 260 | 3 |
_aBogotá: _bWWF- Colombia, _c2007. |
|
| 300 |
_a40 p. _bfot. il. col. _c28 cm. |
||
| 505 | _aPt. 1 Territorio autonomia. Pt, 2 Desarrollo, ordenamiento y planificación del territorio. Pt. 3 Gestión ambiental del territorio. Pt. 4 Liderazgos. Pt. 5 Estrategia de comunicación. | ||
| 650 | 4 |
_aGestión Ambiental _935188 |
|
| 650 | 4 |
_aGestión Ambiental _xComunidades _zColombia _935189 |
|
| 650 | 4 |
_aManejo forestal _zColombia _935190 |
|
| 650 | 4 |
_aComunidades afrocolombianas _93414 |
|
| 700 | 1 |
_aAlvarez Cortés, Claudia _eEditora _935191 |
|
| 942 |
_2ddc _cLIBRO |
||
| 999 |
_c17520 _d17520 |
||